00512nam a22001697a 450000500170000001000150001702000270003203500140005903700130007308200130008610000180009924500860011726000310020327000690023430000200030350000190032320190919114539.0 aENG-126494 c1095.00a9789386552914 aEN-110026 bDBAD/PUB a306.8743 aPande, Amrita aWombs In Labor :c By Amrita PandebTransnational commercial Surrogacy In India / a DelhibPrimus Booksc2018 b DelhiaVirat Bhavan, Mukherjee Nagar Commercial Complexe110009 a252p.c23cm(hb) aIncludes Index